Normal view
MARC view
- Bilal M. Ayyub Richard H. Mc Cuen
Entry Personal Name
001 - CONTROL NUMBER
- control field: 20465
003 - CONTROL NUMBER IDENTIFIER
- control field: NUST
005 - DATE AND TIME OF LATEST TRANSACTION
- control field: 20190913055242.0
008 - FIXED-LENGTH DATA ELEMENTS
- fixed length control field: 190913|| aca||aabn | a|a d
040 ## - CATALOGING SOURCE
- Original cataloging agency: NUST
- Transcribing agency: NUST
100 ## - HEADING--PERSONAL NAME
- Personal name: Bilal M. Ayyub Richard H. Mc Cuen
670 ## - SOURCE DATA FOUND
- Source citation: Work cat.: (NUST): Bilal M. Ayyub Richard H. Mc Cuen , Numerical Analysis for Engineers: Methods and Applications 2/E, 2016
